ការអភិវឌ្ឍន៍គំរោង (Record no. 8496)

000 -LEADER
fixed length control field 00241nam a22000977a 4500
040 ## - CATALOGING SOURCE
Transcribing agency sy
100 ## - MAIN ENTRY--AUTHOR NAME
Personal name ង៉ោ ប៊ុនថាន
245 ## - TITLE STATEMENT
Title ការអភិវឌ្ឍន៍គំរោង
260 ## - PUBLICATION, DISTRIBUTION, ETC. (IMPRINT)
Place of publication RUA
Name of publisher ឯក
Year of publication 2004
942 ## - ADDED ENTRY ELEMENTS (KOHA)
Koha item type សៀវភៅភាសាខ្មែរ

No items available.

មជ្ឈមណ្ឌលឯការនៃសាកលវិទ្យាល័យភូមិន្ទកសិកម្មចំការដូង

Powered by Koha